00840nam a22002177a 4500999001700000003000900017008004100026040007100067082002400138100002400162245005600186260002700242300002500269505013200294650002300426650002300449650002300472942001600495945000800511952010300519  c10442d10442AR-CdUCM190401b           ||||| |||| 00| 0 spa d  aMUNICIPALIDAD PROVINCIAL DEL CUSCOcBIBLIOTECA MUNICIPAL DEL CUSCO  aES / 460.153 /bV45  aVentura Vera, Jorge  aRazonamiento verbal :bQuinto grado de secundaria /  aLima :bEscuela nueva,  a94 paginas ;c24 cm.  aContenido :Sinónimos -- Antónimos -- Analogías -- Comprensión de lectura -- Oraciones incompletas -- Termino excluido .  aSinónimos927240  aAntónimos927241  aAnalogías920994  2ddccLIBROS  arum  002ddc4070aSIbSIcCHILDd2019-04-01g22.00oES / 460.153 / V45pSI00000556r2019-04-01yLIBROS